| 000 | 00361nam a22001217a 4500 | ||
|---|---|---|---|
| 082 | _aP-762 | ||
| 100 |
_aMaj M Fasih Ur Rehman _951406 |
||
| 245 |
_aAn Exploratory Analysis of Axle Load Management System in Pakistan _bSyn # 1 |
||
| 260 |
_aRisalpur, _bMCE, _c2018. |
||
| 526 |
_a0 _b0 _c0 _dP_762 |
||
| 700 |
_aCol Dr M Bilal Khurshid _951407 |
||
| 942 |
_2ddc _cBK |
||
| 999 |
_c554099 _d554099 |
||